000
00307nam a22001217a 4500
008
160423b xxu||||| |||| 00| 0 eng d
020
_a
9780763707064
020
_a
0763707066
041
_a
eng
080
_a
618.2
245
_a
Community health nursing:
_c
Karen Saucier Lundy; Sharyn Janes;
942
_2
udc
_c
BK
999
_c
1545
_d
1545